| 000 | 01039cam a2200253 4500 | ||
|---|---|---|---|
| 008 | 011025n2001 000 0 eng u | ||
| 020 | _a1842190806 | ||
| 022 | _a1354-506X | ||
| 035 | _a(Sirsi) u115302 | ||
| 050 | _a692.2 | ||
| 100 | _aChynoweth, Paul | ||
| 245 | 4 | _aThe Party Wall Etc. Act 1996 : defining the role of the appointed surveyor | |
| 260 |
_aLondon _bRICS Foundation _c2001 |
||
| 300 |
_a31p. _c30cm. |
||
| 490 |
_aRICS Foundation Research Papers _v4(2) |
||
| 520 | _aIdentifies areas of uncertainty surround the role of the appointed surveyors in party wall matters and defines it in terms of their membership of a tribunal. Examines the surveyors' task and the limits of their jurisdiction and statutory powers under the Part Wall, Etc Act 1996. | ||
| 650 | _aAPPOINTED PERSONS | ||
| 650 | _aJURISDICTION | ||
| 650 | _aPARTY WALL ETC ACT 1996 | ||
| 650 |
_aParty walls _96258 |
||
| 690 |
_aBoundary disputes _96221 |
||
| 710 |
_aRoyal Institution of Chartered Surveyors _bFoundation _94173 |
||
| 942 |
_n0 _2ddc |
||
| 999 |
_c101749 _d101749 |
||